| 000 | 00537nam a2200145Ia 4500 | ||
|---|---|---|---|
| 008 | 230917s9999||||xx |||||||||||||| ||und|| | ||
| 040 |
_e159660 _aMAIN |
||
| 041 | _aEnglish | ||
| 082 | _a340 S69S | ||
| 100 | _aShiv Lal | ||
| 245 | 0 | _aPolitico legal India (1986): 5 vols.; V1 -Political Ideologies - Old and News, V2 -Legislatures & Plitics (1980s), V3 -Legislatures & Politics Pre- (1980s), V4 -Supreme court on Politics, V5 - Constitutions & Laws | |
| 260 |
_aNew Delhi _bThe Election Archives _c1986 |
||
| 300 | _avp p. | ||
| 942 | _cBK | ||
| 999 |
_c58655 _d58655 |
||